[Event "Antwerp World Uni blitz op"]
[Site "Antwerp"]
[Date "2022.09.14"]
[Round "4"]
[White "Gholami Orimi, Mahdi"]
[Black "Matovu, Abel"]
[Result "1-0"]
[WhiteElo "2363"]
[BlackElo "1902"]
[PlyCount "61"]
[EventDate "2022.09.14"]
[EventType "swiss (blitz)"]
[EventRounds "9"]
[EventCountry "BEL"]
[SourceTitle "CBM 210 Extra"]
[Source "ChessBase"]
[SourceDate "2022.11.30"]
[SourceVersion "1"]
[SourceVersionDate "2022.11.30"]
[SourceQuality "1"]

1. d4 e6 2. c4 d5 3. Nc3 Nf6 4. cxd5 exd5 5. Bg5 Be7 6. e3 c6 7. Bd3 h6 8. Bh4 0-0 9. Qc2 Na6 10. a3 Nc7 11. Nge2 Re8 12. 0-0 Bg4 13. f3 Be6 14. h3 c5 15. Rad1 cxd4 16. Nxd4 Bc5 17. Bf2 a6 18. Qb3 b6 19. Bb1 Qd7 20. Qc2 Bxh3 21. gxh3 Qxh3 22. Qf5 Qxf5 23. Bxf5 Re5 24. Bh3 Rae8 25. b4 Bd6 26. f4 Rh5 27. Bg2 a5 28. Ncb5 Nxb5 29. Nxb5 Bf8 30. Bf3 Rf5 31. Nd4 1-0

[Event "Antwerp World Uni blitz op"]
[Site "Antwerp"]
[Date "2022.09.14"]
[Round "2"]
[White "Matovu, Abel"]
[Black "Daghli, Arash"]
[Result "0-1"]
[WhiteElo "1902"]
[BlackElo "2225"]
[PlyCount "56"]
[EventDate "2022.09.14"]
[EventType "swiss (blitz)"]
[EventRounds "9"]
[EventCountry "BEL"]
[SourceTitle "CBM 210 Extra"]
[Source "ChessBase"]
[SourceDate "2022.11.30"]
[SourceVersion "1"]
[SourceVersionDate "2022.11.30"]
[SourceQuality "1"]

1. d4 Nf6 2. c4 g6 3. Nc3 Bg7 4. e4 d6 5. Nf3 0-0 6. Be2 e5 7. Be3 exd4 8. Nxd4 Re8 9. f3 c6 10. 0-0 d5 11. Bg5 h6 12. Bh4 g5 13. Bf2 dxe4 14. Nxe4 Nxe4 15. fxe4 Rxe4 16. Nf3 Qxd1 17. Raxd1 Re8 18. b3 Be6 19. Bd3 Na6 20. Rfe1 Nb4 21. Bb1 a5 22. Nd4 Bg4 23. Rc1 Red8 24. Re4 f5 25. Ne6 fxe4 26. Nxd8 Rxd8 27. a3 Nd3 28. Rd1 Bxd1 0-1

[Event "UGA-chT 2122"]
[Site "Kampala"]
[Date "2021.11.28"]
[Round "6.3"]
[White "Matovu, Abel"]
[Black "Kikabi, Jeffrey"]
[Result "1-0"]
[WhiteElo "1941"]
[BlackElo "1736"]
[PlyCount "65"]
[EventDate "2021.10.24"]
[EventType "team-swiss"]
[EventRounds "14"]
[EventCountry "UGA"]
[SourceTitle "EXT 2023"]
[Source "ChessBase"]
[SourceDate "2022.10.05"]
[SourceVersion "1"]
[SourceVersionDate "2022.10.05"]
[SourceQuality "1"]
[WhiteTeam "MUK CC"]
[BlackTeam "Makindye CC"]
[WhiteTeamCountry "UGA"]
[BlackTeamCountry "UGA"]

1. d4 Nf6 2. c4 c6 3. Bf4 e6 4. Nf3 d5 5. e3 Qb6 6. Qc2 Bb4+ 7. Nc3 0-0 8. Bd3 Nbd7 9. a3 Qa5 10. 0-0 Bxc3 11. bxc3 dxc4 12. Bxc4 Nd5 13. Bd6 Re8 14. Ng5 f5 15. e4 h6 16. exd5 cxd5 17. Nxe6 Rxe6 18. Bb4 Qxb4 19. axb4 dxc4 20. Qxf5 Nb6 21. Qc5 Bd7 22. Rfe1 Rf6 23. f3 Rc8 24. Qe5 a6 25. Kf2 Bc6 26. Ra5 Rcf8 27. d5 Bb5 28. Ra2 R8f7 29. Rd2 Kh7 30. Qd4 Rd7 31. Re8 Nxd5 32. Qe4+ Rg6 33. Re6 1-0

[Event "Africa-ch U20"]
[Site "Entebbe"]
[Date "2019.01.03"]
[Round "7"]
[White "Matovu, Abel"]
[Black "Djabri, Massinas"]
[Result "0-1"]
[WhiteElo "1960"]
[BlackElo "2063"]
[PlyCount "86"]
[EventDate "2018.12.29"]
[EventType "swiss"]
[EventRounds "9"]
[EventCountry "UGA"]
[SourceTitle "CBM 188 Extra"]
[Source "ChessBase"]
[SourceDate "2019.02.26"]
[SourceVersion "1"]
[SourceVersionDate "2019.02.26"]
[SourceQuality "1"]

1. e4 c5 2. Nf3 d6 3. d4 cxd4 4. Nxd4 Nf6 5. Bd3 a6 6. c4 Nc6 7. Nxc6 bxc6 8. Nc3 g6 9. Qe2 Bg7 10. 0-0 0-0 11. f3 Be6 12. Be3 Nd7 13. f4 Nc5 14. Bxc5 dxc5 15. Rad1 Bd4+ 16. Kh1 Rb8 17. f5 Bc8 18. Rd2 Qd6 19. Nd1 Qe5 20. b3 e6 21. Qf3 Bd7 22. Re2 Rbe8 23. Nf2 Qg7 24. g4 g5 25. Nh3 e5 26. Ng1 f6 27. Qg3 Rd8 28. Nf3 Be8 29. Bc2 Kf7 30. Kg2 Rh8 31. Rh1 h5 32. h4 hxg4 33. Qxg4 gxh4 34. Qxg7+ Kxg7 35. Rxh4 Rxh4 36. Nxh4 Bh5 37. Rd2 Kh6 38. Rd3 Kg5 39. Ng6 Kh6 40. Rh3 Be3 41. Kg3 Rd2 42. Bb1 Bg5 43. Rh2 Bf4+ 0-1

[Event "Africa-ch U20"]
[Site "Entebbe"]
[Date "2018.12.31"]
[Round "4"]
[White "Kato, Richard"]
[Black "Matovu, Abel"]
[Result "0-1"]
[WhiteElo "1903"]
[BlackElo "1960"]
[PlyCount "27"]
[EventDate "2018.12.29"]
[EventType "swiss"]
[EventRounds "9"]
[EventCountry "UGA"]
[SourceTitle "CBM 188 Extra"]
[Source "ChessBase"]
[SourceDate "2019.02.26"]
[SourceVersion "1"]
[SourceVersionDate "2019.02.26"]
[SourceQuality "1"]

1. e4 Nf6 2. Nc3 e5 3. Nf3 Nc6 4. Bc4 Nxe4 5. Nxe4 d5 6. Bb5 dxe4 7. Nxe5 Qd5 8. Bxc6+ bxc6 9. Ng4 Ba6 10. Ne3 Qe6 11. b3 Rb8 12. c4 c5 13. 0-0 h5 14. f3 0-1